000
nam a22 7a 4500
999
_c
49916
_d
49916
003
OSt
005
20200318142754.0
008
200318b xxu||||| |||| 00| 0 eng d
040
_c
SERO SOFT
100
_a
SHARMA R.A. DR.
245
_a
SIKSHA ANUSANDHAN
250
_a
NEW
260
_a
MEERUT
_b
R.LALL
300
_a
768
942
_2
ddc
_c
01